COMO FUEGO O COMO AIRE /

Сохранить в:
Библиографические подробности
Главный автор: Enríquez Rohen, Martha Angélica (autor)
Формат:
Предметы:
Метки: Добавить метку
Нет меток, Требуется 1-ая метка записи!

MARC

LEADER 00000nam^a2200000^a^4500
001 000235058
005 20250521000000.0
009 20260310104750.66
035 |a 058592 
037 |a Acervo Xavier Clavigero 
082 |a 868. 4  |b ENR 
100 |a Enríquez Rohen, Martha Angélica  |e (autor) 
245 1 0 |a COMO FUEGO O COMO AIRE /  |c MARTHA ANGELICA ENRIQUEZ ROHEN 
264 |a S/L :  |b S/E 
300 |a 26 p. 
336 |a texto  |b txt  |2 rdacontenido 
337 |a sin mediación  |b n  |2 rdamedio 
338 |a volumen  |b nc  |2 rdasoporte 
649 |a XX 
650 |a PROSA LITERARIA MEXICANA. 
650 |a Literatura Mexicana 
910 |a Fondo General 
920 |a Impresos - Libros 
930 |a Colección General 
940 |a Literatura 
905 |a 101 
901 |a 058592  |b IT1  |c LIT  |i 058592  |u 20250521 
902 |a https://opac.biblio.iteso.mx/vufind/Record/000235058